000 00760nam a2200217Ia 4500
005 20241129111014.0
008 241129s9999||||xx |||||||||||||| ||und||
020 _a978-81-7883-038-4
037 _aTB
040 _aCRL
_bpun
_cCRL
041 _apun
_2pun
084 _aO153,6x, Q9
_qCRL
100 _aਤੂਰ, ਗੁਰਪ੍ਰੀਤ ਸਿੰਘ, ਚ।
_9169149
245 0 _aਅੱਲ੍ਹੜ ਉਮਰਾ ਤਲਖ਼ ਸੁਨੇਹੇ
_cਤੂਰ, ਗੁਰਪ੍ਰੀਤ ਸਿੰਘ, ਚ।
260 _aਲੁਧਿਆਨਾ, ਭਾਰਤ
_bਚੇਤਨਾ ਪ੍ਰਕਾਸ਼ਨ
_c2019
300 _a135ਪ੍ਰ0
365 _aINR
_b120
650 _aPunjabi Prose
942 _cTB
_hO153,6x, Q9
999 _c1228499
_d1228499